| 000 | 00568cam a2200193Ii 4500 | ||
|---|---|---|---|
| 020 | _a9781259542114 | ||
| 020 | _a1259542114 | ||
| 040 | _cMYUMP | ||
| 082 | _a620 MCG 2016 A117 Or. | ||
| 100 | 1 | _aHoward, William E., | |
| 245 | 1 | 0 | _aIntroduction to solid modeling using SolidWorks 2015 / |
| 246 | 3 | _aIntroduction to solid modeling using SolidWorks℗ʼ 2015 | |
| 300 |
_a384 pages : _billustrations ; _c26 cm |
||
| 650 | 0 | _aComputer graphics | |
| 650 | 0 | _aEngineering models | |
| 650 | 0 | _aComputer-aided design | |
| 700 | 1 | _aMusto, Joseph C., | |
| 942 | _cAEDBB | ||
| 999 |
_c17550 _d17550 |
||